000 00491cam a2200205ua 4500
001 7112
005 20260515114144.0
008 141126n ii |||gr||||Z||||||eng
020 _a8173310416
040 _cMAIN
041 _aeng
082 _a336
100 _aSaikia, K.N.,
_eAuthor.
245 1 _athe Assam land and revenue regulation,1886
_cBy K.N. Saikia
250 _a2nd.
260 _aGuwahati:
_bLawyer,
_c2003.
300 _axxi,453p.
653 _aPublic finance
942 _cBK
999 _c6233
_d6233